Estudio sobre la figura del precario

Detalles Bibliográficos
Autor principal: Cano Moriano, Guadalupe
Formato: Desconocido
Lenguaje:español
Publicado: Madrid : Edersa, 1999
Materias:
Acceso en línea:Acceso restringido

MARC

LEADER 00000ny a22000003n 4500
005 20110620110223.0
008 080611s1999 sp s 000 0 spa c
020 |a 8471309475 
035 |a 1305 
040 |a UMA.RE  |d vlex 
080 |a 347.455.25(0.034) 
090 |c 1386  |d 1386 
100 1 |a Cano Moriano, Guadalupe 
245 1 0 |a Estudio sobre la figura del precario  |h [Recurso electrn̤ico]  |c Guadalupe Cano Moriano 
256 |a Servicio en ln̕ea 
260 |a Madrid :  |b Edersa,  |c 1999 
506 1 |a Contenido solo disponible en los productos indicados  |d vLex Global  |d vLex Global (Academic Edition, excluding Law Schools)  |d vLex Global (U.S. Academic Edition, Law Schools)  |d vLex Global (U.S. Academic Edition, excluding Law Schools)  |d vLex Global (Academic Edition, Law Schools) 
650 0 7 |a Precario  |2 Tesauro vLex 
650 0 7 |a Procesal  |2 Tesauro vLex 
740 0 |a vLex Libros (Servicios en ln̕ea) 
856 4 0 |u http://vlex.com/source/1305  |z Acceso restringido 
942 |c BOOK